| Tag |
First Indicator |
Second Indicator |
Subfields |
| LEADER |
00000cam a22000001i 4500 |
| 001 |
in00002077430 |
| 005 |
20151102133925.0 |
| 008 |
770919t19771944nyu j 000 1 eng |
| 010 |
|
|
|a 77013928
|
| 020 |
|
|
|a 014031010X :
|c $1.50
|
| 035 |
|
|
|a (OCoLC)ocm03327761
|
| 040 |
|
|
|a DLC
|c DLC
|d TXA
|d UtOrBLW
|
| 042 |
|
|
|a lcac
|
| 049 |
|
|
|a TXAM
|
| 050 |
1 |
0 |
|a PZ10.3.L39
|b Rab 1977
|
| 082 |
0 |
0 |
|a [Fic]
|
| 100 |
1 |
|
|a Lawson, Robert,
|d 1892-1957.
|
| 245 |
1 |
0 |
|a Rabbit hill /
|c by Robert Lawson.
|
| 264 |
|
1 |
|a New York :
|b Puffin Books,
|c [1977]
|
| 264 |
|
4 |
|c ©1944
|
| 300 |
|
|
|a 127 pages :
|b illustrations ;
|c 20 cm.
|
| 336 |
|
|
|a text
|b txt
|2 rdacontent
|
| 337 |
|
|
|a unmediated
|b n
|2 rdamedia
|
| 338 |
|
|
|a volume
|b nc
|2 rdacarrier
|
| 520 |
|
|
|a New folks are coming to live in the Big House. The animals of Rabbit Hill wonder if they will plant a garden and thus be good providers.
|
| 586 |
|
|
|a Newbery Medal, 1945
|
| 650 |
|
0 |
|a Animals
|v Juvenile fiction.
|
| 650 |
|
1 |
|a Animals
|v Fiction.
|
| 948 |
|
|
|a cataloged
|b cmulkey
|c 2005/10/10
|d 1:43:58 pm
|
| 994 |
|
|
|a C0
|b TXA
|
| 999 |
|
|
|a MARS
|
| 999 |
f |
f |
|s 49811cd1-7ff4-3a14-a846-c1f9e6a9eb7e
|i 7582b2fe-499f-388b-b167-7fef1d3ed525
|t 0
|
| 952 |
f |
f |
|p normal
|a Texas A&M University
|b College Station
|c Sterling C. Evans Library
|d Evans: Curriculum Collection (4th floor)
|t 0
|e PZ10.3.L39 Rab 1977
|h Library of Congress classification
|i unmediated -- volume
|m A14833065905
|
| 998 |
f |
f |
|a PZ10.3.L39 Rab 1977
|t 0
|l Evans: Curriculum Collection (4th floor)
|